[Event "XXXIV Festival A"]
[Site "Arco ITA"]
[Date "2012.10.13"]
[Round "1"]
[White "Rizzoli, Aluna"]
[Black "De Santis, Alessio"]
[WhiteElo "1868"]
[BlackElo "2294"]
[Result "0-1"]
[PlyCount "122"]
[EventDate "2012.10.13"]

1. e4 b6 2. d4 Bb7 3. Bd3 Nf6 4. Qe2 Nc6 5. c3 e5 6. d5 Ne7 7. f4 exf4 8. Bxf4
Ng6 9. Bg5 Be7 10. Nd2 O-O 11. Be3 Re8 12. O-O-O c6 13. dxc6 Bxc6 14. Ngf3 Ng4
15. Nd4 Nxe3 16. Nxc6 dxc6 17. Qxe3 Bg5 18. Qg3 Bh4 19. Qe3 Bg5 20. Qg3 Nf4 21.
Kc2 Qxd3+ 22. Qxd3 Nxd3 23. Kxd3 Rad8+ 24. Kc2 Rxd2+ 25. Rxd2 Bxd2 26. Kxd2
Rxe4 27. Rd1 Kf8 28. Kd3 Re5 29. Rf1 Ke7 30. Rf4 f5 31. Rh4 h6 32. g4 Re4 33.
h3 Ra4 34. b3 Rxa2 35. gxf5 Rf2 36. Rg4 Kf7 37. Rg6 Rf3+ 38. Kc4 Rf4+ 39. Kd3
Rf3+ 40. Kc4 b5+ 41. Kb4 c5+ 42. Kxb5 Rxc3 43. Ra6 Rxb3+ 44. Kxc5 Rxh3 45.
Rxa7+ Kf6 46. Kd5 Re3 47. Kd4 Re7 48. Ra5 h5 49. Rb5 Re8 50. Ra5 h4 51. Rb5 h3
52. Rb1 Kxf5 53. Rf1+ Kg4 54. Rg1+ Kf3 55. Rxg7 Re4+ 56. Kd3 Rg4 57. Rf7+ Kg2
58. Ke2 h2 59. Rf2+ Kh3 60. Rf3+ Rg3 61. Rf1 Rg1 0-1

[Event "XXXIV Festival A"]
[Site "Arco ITA"]
[Date "2012.10.13"]
[Round "1"]
[White "Roth, Peter"]
[Black "Moratto, Davide"]
[WhiteElo "2226"]
[BlackElo "1854"]
[Result "1-0"]
[PlyCount "99"]
[EventDate "2012.10.13"]

1. e4 b6 2. d4 Bb7 3. Bd3 Nf6 4. Qe2 Nc6 5. c3 d6 6. f4 e6 7. Nf3 Be7 8. Na3
O-O 9. Nc2 Re8 10. O-O h6 11. e5 Nh7 12. Ne3 dxe5 13. fxe5 Nb8 14. Ng4 Ng5 15.
Nxg5 Bxg5 16. Bxg5 Qxg5 17. Be4 Bxe4 18. Qxe4 Nd7 19. Rf3 Rf8 20. Rg3 f5 21.
exf6 Nxf6 22. Qxe6+ Kh7 23. Nxf6+ Qxf6 24. Qxf6 Rxf6 25. Re1 Raf8 26. h3 R8f7
27. Rge3 Rf2 28. R3e2 R2f6 29. Re7 c6 30. Rxf7 Rxf7 31. Re6 Rc7 32. Kf2 Kg8 33.
Ke3 Kf7 34. Re4 Rd7 35. b4 g5 36. a4 a6 37. Re5 Rc7 38. g4 b5 39. axb5 cxb5 40.
Rc5 Re7+ 41. Kd3 Re6 42. Rc7+ Ke8 43. d5 Re1 44. Rc6 Rd1+ 45. Kc2 Rxd5 46. Rxa6
Re5 47. Rxh6 Re2+ 48. Kb3 Rh2 49. Rh5 Kd7 50. Rxg5 1-0

[Event "XXXIV Festival A"]
[Site "Arco ITA"]
[Date "2012.10.13"]
[Round "1"]
[White "Roversi, Stefano"]
[Black "Stap, Kees"]
[WhiteElo "1767"]
[BlackElo "2098"]
[Result "1/2-1/2"]
[PlyCount "58"]
[EventDate "2012.10.13"]

1. e4 d6 2. d4 Nf6 3. Nc3 g6 4. Nf3 Bg7 5. Bd3 O-O 6. O-O Bg4 7. h3 Bxf3 8.
Qxf3 Nc6 9. Be3 e5 10. d5 Ne7 11. Bg5 Ne8 12. Qe3 f6 13. Bh6 g5 14. Bxg7 Nxg7
15. Be2 Ng6 16. Bg4 Qe7 17. Ne2 h5 18. Bf3 Nf4 19. Nxf4 exf4 20. Qe2 f5 21.
Bxh5 fxe4 22. Bg6 e3 23. Rae1 exf2+ 24. Rxf2 Qf6 25. Qd3 b6 26. Rfe2 Nf5 27.
Bxf5 Qxf5 28. Qd4 Qf6 29. Qd3 Qf5 1/2-1/2

[Event "XXXIV Festival A"]
[Site "Arco ITA"]
[Date "2012.10.13"]
[Round "1"]
[White "Rygg, Snorre"]
[Black "Tocco, Paolo"]
[WhiteElo "1788"]
[BlackElo "2133"]
[Result "0-1"]
[PlyCount "72"]
[EventDate "2012.10.13"]

1. c4 f5 2. g3 Nf6 3. Bg2 e6 4. Nc3 Be7 5. Nf3 O-O 6. O-O d6 7. d3 Nc6 8. Rb1
a5 9. a3 Qe8 10. b4 axb4 11. axb4 e5 12. Qb3 Kh8 13. Bb2 Qh5 14. b5 Na5 15. Qc2
e4 16. Nd2 e3 17. Bf3 Qh6 18. fxe3 Qxe3+ 19. Kh1 Qh6 20. Nd5 Nxd5 21. Bxd5 c6
22. bxc6 Nxc6 23. Bc3 Ne5 24. Bxe5 dxe5 25. Nf3 Bd6 26. Qc1 f4 27. gxf4 Rxf4
28. Rb6 Ra6 29. Rxa6 bxa6 30. Be4 Bh3 31. Rg1 Bc5 32. Rd1 Qd6 33. Qb2 Rxe4 34.
Ng5 Bg2+ 35. Kxg2 Rg4+ 36. Kh1 Rxg5 0-1

[Event "XXXIV Festival A"]
[Site "Arco ITA"]
[Date "2012.10.13"]
[Round "1"]
[White "Schaberg, Wolfgang"]
[Black "De Eccher, Stefano"]
[WhiteElo "1856"]
[BlackElo "2230"]
[Result "0-1"]
[PlyCount "68"]
[EventDate "2012.10.13"]

1. e4 c5 2. Nf3 d6 3. d4 cxd4 4. Nxd4 Nf6 5. Nc3 g6 6. Be3 Bg7 7. Bc4 O-O 8. f3
Nc6 9. Qd2 Bd7 10. Bb3 Qa5 11. O-O-O Rfc8 12. h4 Ne5 13. Nd5 Qxd2+ 14. Rxd2
Nxd5 15. Bxd5 Rab8 16. Kb1 Nc4 17. Bxc4 Rxc4 18. h5 Rbc8 19. hxg6 hxg6 20. g4
b5 21. Nb3 Be6 22. Bd4 f6 23. Be3 a6 24. Bh6 Bxh6 25. Rxh6 Kg7 26. Rh1 Rh8 27.
Rxh8 Kxh8 28. Nd4 Bf7 29. Ne2 Kg7 30. a3 Rc8 31. Nd4 Rh8 32. b3 Rh3 33. Rf2 d5
34. exd5 Bxd5 0-1

[Event "XXXIV Festival A"]
[Site "Arco ITA"]
[Date "2012.10.13"]
[Round "1"]
[White "Sigmund, Ingenuin"]
[Black "Bernardi, Ruben"]
[WhiteElo "1776"]
[BlackElo "2114"]
[Result "1/2-1/2"]
[PlyCount "83"]
[EventDate "2012.10.13"]

1. e4 c5 2. Nc3 Nc6 3. g3 g6 4. Bg2 Bg7 5. Nh3 e6 6. d3 Nge7 7. f4 Nd4 8. Ne2
d5 9. c3 Ndc6 10. O-O O-O 11. Qc2 b6 12. g4 f5 13. gxf5 dxe4 14. dxe4 exf5 15.
Ng5 fxe4 16. Bxe4 Qe8 17. Qb3+ Kh8 18. Ne6 Na5 19. Nxg7 Nxb3 20. Nxe8 Nxa1 21.
Bxa8 Rxe8 22. Ng3 Ba6 23. Re1 Nc2 24. Re5 Rxa8 25. Rxe7 Rd8 26. Kf2 Rd1 27.
Rxa7 Bc4 28. Be3 Rd3 29. Bc1 Rd1 30. Be3 h5 31. h4 Kg8 32. a4 Nxe3 33. Kxe3
Rd3+ 34. Kf2 Rd2+ 35. Ke3 Rxb2 36. f5 Rc2 37. Kf4 Rf2+ 38. Ke3 Rg2 39. Kf4 gxf5
40. Nxf5 Bb3 41. a5 bxa5 42. Rxa5 1/2-1/2

[Event "XXXIV Festival A"]
[Site "Arco ITA"]
[Date "2012.10.13"]
[Round "1"]
[White "Valenti, Giuseppe"]
[Black "Zangrando, Gianpietro"]
[WhiteElo "2162"]
[BlackElo "1800"]
[Result "1-0"]
[PlyCount "61"]
[EventDate "2012.10.13"]

1. e4 e6 2. d4 d5 3. Nd2 Nf6 4. e5 Nfd7 5. Bd3 c5 6. c3 Nc6 7. Ne2 f5 8. exf6
Nxf6 9. Nf3 cxd4 10. cxd4 Bd6 11. O-O O-O 12. Bf4 Bxf4 13. Nxf4 Qd6 14. g3 e5
15. dxe5 Nxe5 16. Be2 Nc6 17. Qb3 Bf5 18. Rad1 Rad8 19. Rd2 Rfe8 20. Rfd1 Qb4
21. Qxb4 Nxb4 22. a3 Nc6 23. Nxd5 Ne4 24. Ne7+ Nxe7 25. Rxd8 Kf8 26. Bb5 Rxd8
27. Rxd8+ Kf7 28. Ne5+ Kf6 29. f4 Nc5 30. Bc4 Be4 31. Rf8# 1-0

[Event "XXXIV Festival A"]
[Site "Arco ITA"]
[Date "2012.10.13"]
[Round "1"]
[White "Weinberg, Emanuele"]
[Black "Karl, Hans"]
[WhiteElo "1795"]
[BlackElo "2141"]
[Result "1/2-1/2"]
[PlyCount "103"]
[EventDate "2012.10.13"]

1. d4 Nf6 2. c4 g6 3. Nc3 Bg7 4. g3 d6 5. Bg2 c6 6. Nf3 O-O 7. O-O Nbd7 8. b3
Re8 9. Bb2 e5 10. dxe5 dxe5 11. e4 Qc7 12. Qe2 Nf8 13. Rad1 Bg4 14. h3 Bxf3 15.
Qxf3 Ne6 16. Ne2 Rad8 17. Qe3 a6 18. b4 Nd7 19. Qb3 Ndf8 20. c5 Rxd1 21. Rxd1
Rd8 22. Rd3 Rxd3 23. Qxd3 Qd7 24. Qxd7 Nxd7 25. Kf1 Kf8 26. Ke1 Ke7 27. Kd2 a5
28. a3 axb4 29. axb4 b6 30. cxb6 Nxb6 31. Kd3 Kd6 32. Ba3 Nc7 33. Nc3 Nb5 34.
Nxb5+ cxb5 35. Bc1 Kc6 36. f4 Nc4 37. f5 Bf8 38. Kc3 Nd6 39. fxg6 hxg6 40. g4
Be7 41. g5 f6 42. gxf6 Bxf6 43. Bf3 Bh4 44. Kd3 Be1 45. Bd2 Bxd2 46. Kxd2 Kd7
47. Kd3 Ke7 48. h4 Kf6 49. Bg4 Kg7 50. Bd7 Kh6 51. Bg4 Kg7 52. Bd7 1/2-1/2

[Event "XXXIV Festival A"]
[Site "Arco ITA"]
[Date "2012.10.13"]
[Round "1"]
[White "Zucchelli, Massimo"]
[Black "Skagseth, Havard M."]
[WhiteElo "2176"]
[BlackElo "1835"]
[Result "1-0"]
[PlyCount "53"]
[EventDate "2012.10.13"]

1. d4 Nf6 2. c4 c5 3. d5 b5 4. Nf3 Bb7 5. a4 bxc4 6. Nc3 e6 7. e4 exd5 8. exd5
d6 9. Bxc4 Be7 10. O-O O-O 11. Re1 Re8 12. a5 Na6 13. Bb5 Nd7 14. Qa4 Bc8 15.
Bc6 Rb8 16. Nb5 Bf6 17. Bf4 Rxe1+ 18. Rxe1 Ne5 19. Nxe5 dxe5 20. Bxe5 Bxe5 21.
Rxe5 Bd7 22. g3 Qf6 23. Qe4 Bxc6 24. dxc6 g6 25. c7 Nxc7 26. Nxc7 Rxb2 27. Qa8+
1-0

[Event "XXXIV Festival A"]
[Site "Arco ITA"]
[Date "2012.10.14"]
[Round "2"]
[White "Ager, Josef"]
[Black "Beltrami, Nerio"]
[WhiteElo "2193"]
[BlackElo "1926"]
[Result "1-0"]
[PlyCount "95"]
[EventDate "2012.10.13"]

1. d4 Nf6 2. c4 g6 3. Nc3 Bg7 4. e4 d6 5. Bd3 O-O 6. Nge2 e5 7. d5 a5 8. Bg5 h6
9. Bh4 Na6 10. f3 Qe8 11. Bf2 h5 12. Qd2 Nh7 13. O-O-O Bd7 14. h3 Qe7 15. g4 h4
16. f4 exf4 17. Qxf4 g5 18. Qf3 Be5 19. Be3 a4 20. a3 b6 21. Nd4 Nc5 22. Bc2
Qf6 23. Qxf6 Bxf6 24. Ndb5 Rfc8 25. Kb1 Be5 26. Rhf1 f6 27. Bxc5 bxc5 28. Nxa4
Bxb5 29. cxb5 Rcb8 30. Rf3 Rxb5 31. Rb3 Rxb3 32. Bxb3 Rb8 33. Bc4 Nf8 34. Kc2
Ng6 35. Nc3 Nf4 36. Bf1 Kf7 37. a4 Rb4 38. Ra1 Bxc3 39. bxc3 Rxe4 40. Bb5 Nxh3
41. a5 c4 42. Rd1 Nf4 43. a6 Re2+ 44. Kb1 Nd3 45. a7 Rb2+ 46. Ka1 Rxb5 47. a8=Q
Nc5 48. Qd8 1-0

[Event "XXXIV Festival A"]
[Site "Arco ITA"]
[Date "2012.10.14"]
[Round "2"]
[White "Albano, Marco"]
[Black "Simeone, Giulio"]
[WhiteElo "2226"]
[BlackElo "1928"]
[Result "1-0"]
[PlyCount "65"]
[EventDate "2012.10.13"]

1. d4 g6 2. e4 c6 3. c4 d5 4. cxd5 cxd5 5. exd5 Nf6 6. Nc3 Nxd5 7. Bb5+ Bd7 8.
Qb3 Nxc3 9. bxc3 Bg7 10. Bxd7+ Qxd7 11. Nf3 O-O 12. O-O Nc6 13. Rb1 b6 14. Re1
Rac8 15. Qb5 Rfd8 16. Bg5 h6 17. Bh4 g5 18. Bg3 Na5 19. Qd3 Nc4 20. h4 g4 21.
Ne5 Nxe5 22. Bxe5 Rc6 23. Bxg7 Kxg7 24. Re3 Re6 25. Rbe1 Rxe3 26. Qxe3 Re8 27.
Qe5+ Kh7 28. c4 Qc6 29. d5 Qxc4 30. d6 e6 31. Qf6 Qc8 32. Qxf7+ Kh8 33. d7 1-0

[Event "XXXIV Festival A"]
[Site "Arco ITA"]
[Date "2012.10.14"]
[Round "2"]
[White "Antoniacci, Riccardo"]
[Black "Overney, Luca"]
[WhiteElo "1911"]
[BlackElo "1788"]
[Result "1-0"]
[PlyCount "73"]
[EventDate "2012.10.13"]

1. e4 Nf6 2. e5 Nd5 3. Nc3 Nxc3 4. dxc3 d5 5. Bf4 c5 6. Qf3 e6 7. g4 Nc6 8. h4
h6 9. Nh3 Be7 10. g5 hxg5 11. hxg5 g6 12. Qg3 Qb6 13. O-O-O Qa5 14. Kb1 b5 15.
Bd2 Qb6 16. Bg2 a5 17. f4 b4 18. f5 bxc3 19. Bxc3 d4 20. Bd2 exf5 21. Nf4 Rxh1
22. Rxh1 Be6 23. Rh8+ Bf8 24. Qf3 Rc8 25. Qh3 Rb8 26. Bc1 Nxe5 27. Rxf8+ Kxf8
28. Qh8+ Ke7 29. Qxe5 Qd6 30. Qf6+ Kd7 31. Nd3 Rb6 32. Bf4 Qf8 33. Qe5 Qc8 34.
Nxc5+ Ke7 35. Qxd4 Rb4 36. Bd6+ Ke8 37. Qh8# 1-0

[Event "XXXIV Festival A"]
[Site "Arco ITA"]
[Date "2012.10.14"]
[Round "2"]
[White "Barlocco, Carlo"]
[Black "Kveinys, Aloyzas"]
[WhiteElo "2086"]
[BlackElo "2526"]
[Result "1/2-1/2"]
[PlyCount "102"]
[EventDate "2012.10.13"]

1. e4 c5 2. Nc3 e6 3. g3 Nc6 4. Bg2 g6 5. Nf3 Bg7 6. d3 d6 7. Be3 Nd4 8. Qd2
Ne7 9. Nd1 e5 10. O-O O-O 11. c3 Nxf3+ 12. Bxf3 Be6 13. c4 Qd7 14. Nc3 f5 15.
Bg2 Rae8 16. Nd5 Nc6 17. Rab1 b6 18. a3 Nd4 19. Bxd4 cxd4 20. exf5 Bxf5 21. b4
h5 22. Rfe1 Kh7 23. Be4 Bh6 24. Qe2 Bg4 25. f3 Be6 26. Kg2 Kg7 27. h4 Rf7 28.
b5 Ref8 29. a4 Bh3+ 30. Kh2 g5 31. hxg5 Bxg5 32. Rh1 Be6 33. Kg2 Rh8 34. Rh2 h4
35. Rbh1 h3+ 36. Kf2 Qc8 37. Ke1 Rh6 38. g4 Bxd5 39. Bxd5 Rf8 40. Rxh3 Rxh3 41.
Rxh3 Rh8 42. Qh2 Rxh3 43. Qxh3 Qf8 44. Be4 Qh8 45. Qxh8+ Kxh8 46. Kd1 Kg7 47.
Kc2 Kf6 48. Kb3 Bd2 49. Kc2 Bb4 50. Kd1 Kg5 51. Ke2 Bc3 1/2-1/2

[Event "XXXIV Festival A"]
[Site "Arco ITA"]
[Date "2012.10.14"]
[Round "2"]
[White "Bergen, Klaus"]
[Black "Espinosa Cancino, Miguel"]
[WhiteElo "1927"]
[BlackElo "1696"]
[Result "1/2-1/2"]
[PlyCount "42"]
[EventDate "2012.10.13"]

1. e4 c5 2. Nf3 d6 3. d4 cxd4 4. Nxd4 Nf6 5. Nc3 g6 6. Be3 Bg7 7. f3 O-O 8. Bc4
Nc6 9. Qd2 Bd7 10. O-O-O a6 11. Kb1 Rc8 12. Bb3 Ne5 13. g4 Nc4 14. Bxc4 Rxc4
15. Nb3 b5 16. h4 h5 17. gxh5 Nxh5 18. Bd4 Bxd4 19. Nxd4 Kh7 20. Nd5 Rg8 21.
Ne2 e6 1/2-1/2

[Event "XXXIV Festival A"]
[Site "Arco ITA"]
[Date "2012.10.14"]
[Round "2"]
[White "Bernardi, Ruben"]
[Black "Roversi, Stefano"]
[WhiteElo "2114"]
[BlackElo "1767"]
[Result "1-0"]
[PlyCount "49"]
[EventDate "2012.10.13"]

1. e4 c5 2. Nf3 Nc6 3. d4 cxd4 4. Nxd4 a6 5. Nxc6 bxc6 6. Nc3 e6 7. Qf3 Qf6 8.
Qg3 Bb4 9. Bd2 Ne7 10. Bd3 Ng6 11. O-O O-O 12. Nd5 exd5 13. Bxb4 Re8 14. Bc3 d4
15. e5 Nxe5 16. Bxd4 Nf3+ 17. Qxf3 Qxd4 18. Rae1 Bb7 19. c3 Qb6 20. Qh3 g6 21.
Qxd7 Red8 22. Qh3 Qxb2 23. Bc4 Bc8 24. Bxf7+ Kxf7 25. Qxh7+ 1-0

[Event "XXXIV Festival A"]
[Site "Arco ITA"]
[Date "2012.10.14"]
[Round "2"]
[White "Blasco, Domenico"]
[Black "Bonagura, Stefano"]
[WhiteElo "1920"]
[BlackElo "2172"]
[Result "0-1"]
[PlyCount "80"]
[EventDate "2012.10.13"]

1. d4 d5 2. Nf3 Nf6 3. e3 c5 4. c4 e6 5. Nc3 Nc6 6. a3 a6 7. dxc5 Bxc5 8. b4
Be7 9. Bb2 O-O 10. Be2 dxc4 11. Qxd8 Rxd8 12. Bxc4 b5 13. Be2 e5 14. Rc1 Bb7
15. Nd2 Rd7 16. Nce4 Nxe4 17. Nxe4 Nxb4 18. Nc5 Bxc5 19. Rxc5 Nd3+ 20. Bxd3
Rxd3 21. Rxe5 Bxg2 22. Ke2 Rad8 23. Rb1 f6 24. Re7 Kf8 25. Ra7 Rd2+ 26. Ke1 Be4
27. Bc3 R2d3 28. Rc1 Kg8 29. Bd4 Bf3 30. Rxa6 Re8 31. Kf1 b4 32. Kg1 bxa3 33.
h3 h5 34. Ra7 h4 35. Kh2 Rd2 36. Kg1 a2 37. Bc3 Re2 38. Bd4 Rb8 39. Rac7 Rb1
40. R7c5 Re1+ 0-1

[Event "XXXIV Festival A"]
[Site "Arco ITA"]
[Date "2012.10.14"]
[Round "2"]
[White "Bonfa', Ileano"]
[Black "Buglisi, Massimo"]
[WhiteElo "2181"]
[BlackElo "1922"]
[Result "0-1"]
[PlyCount "44"]
[EventDate "2012.10.13"]

1. c4 e5 2. g3 d6 3. Nc3 f5 4. Bg2 Nf6 5. d3 Be7 6. e4 c6 7. Nge2 O-O 8. O-O
Qe8 9. exf5 Bxf5 10. d4 Nbd7 11. Qb3 exd4 12. Nxd4 Nc5 13. Qd1 Bd3 14. b4 Bxf1
15. Qxf1 Nfe4 16. Bxe4 Bf6 17. bxc5 Bxd4 18. Bd2 Rxf2 19. Qxf2 Bxf2+ 20. Kxf2
Qh5 21. Kg2 Qxc5 22. Re1 Qxc4 0-1

[Event "XXXIV Festival A"]
[Site "Arco ITA"]
[Date "2012.10.14"]
[Round "2"]
[White "Bortolotti, Silvano"]
[Black "Morselli, Stefano"]
[WhiteElo "1770"]
[BlackElo "1905"]
[Result "1-0"]
[PlyCount "63"]
[EventDate "2012.10.13"]

1. e4 d6 2. f4 Nf6 3. Nc3 g6 4. Nf3 Bg7 5. Bc4 O-O 6. d3 c6 7. a4 d5 8. exd5
cxd5 9. Bb3 Nc6 10. h3 e6 11. Ne2 Qc7 12. O-O Bd7 13. Kh1 Rac8 14. c3 Rfe8 15.
Bd2 e5 16. fxe5 Nxe5 17. Bf4 Nh5 18. Bh2 Qb6 19. Bxd5 Bc6 20. Bxc6 Nxc6 21. b4
Qe3 22. Re1 Qb6 23. d4 Ne7 24. Qb3 Nf6 25. Nf4 Qc6 26. Rac1 Ne4 27. b5 Nf2+ 28.
Kg1 Nxh3+ 29. Nxh3 Qb6 30. Nhg5 Qf6 31. Ne4 Qb6 32. Nd6 1-0

[Event "XXXIV Festival A"]
[Site "Arco ITA"]
[Date "2012.10.14"]
[Round "2"]
[White "Bruno, Elio"]
[Black "Del Nevo, Claudio"]
[WhiteElo "1618"]
[BlackElo "1821"]
[Result "0-1"]
[PlyCount "68"]
[EventDate "2012.10.13"]

1. e4 d6 2. d4 Nf6 3. Nc3 c6 4. Bc4 g6 5. Bg5 Bg7 6. Qd2 b5 7. Bd3 O-O 8. Bh6
Bb7 9. Bxg7 Kxg7 10. O-O-O a5 11. h4 h5 12. Nh3 Qb6 13. Ne2 c5 14. dxc5 Qxc5
15. f3 Nbd7 16. Nc3 a4 17. Bxb5 a3 18. b3 Ne5 19. Qd4 Rfc8 20. Qxc5 Rxc5 21.
Bc4 Nxc4 22. bxc4 Rxc4 23. Nb1 Nd7 24. Rd3 Rca4 25. Nf4 Nc5 26. Rc3 R8a5 27. g4
hxg4 28. fxg4 Nxe4 29. Rc7 Nc5 30. Rxe7 Bxh1 31. Ne2 Rxg4 32. h5 gxh5 33. Nec3
Rg1+ 34. Kd2 Ne6 0-1

[Event "XXXIV Festival A"]
[Site "Arco ITA"]
[Date "2012.10.14"]
[Round "2"]
[White "Bruno, Fabio"]
[Black "Fuggetta, Leonardo"]
[WhiteElo "2416"]
[BlackElo "2017"]
[Result "1-0"]
[PlyCount "91"]
[EventDate "2012.10.13"]

1. d4 d6 2. Nf3 Bg4 3. c4 Bxf3 4. exf3 c6 5. Nc3 g6 6. Be3 Bg7 7. Be2 e6 8. O-O
d5 9. c5 Ne7 10. b4 O-O 11. f4 Nd7 12. Qd2 f6 13. Bg4 Nf5 14. Rfd1 Re8 15. b5
Nf8 16. Rab1 Rb8 17. Rb3 Nxe3 18. fxe3 e5 19. f5 Bh6 20. Qd3 exd4 21. exd4 Qe7
22. g3 Qe3+ 23. Qxe3 Bxe3+ 24. Kf1 h5 25. Bf3 h4 26. Ne2 hxg3 27. hxg3 Kg7 28.
Rdb1 Rbd8 29. bxc6 bxc6 30. Rb7+ Kh6 31. Kg2 Rd7 32. Rxd7 Nxd7 33. Rb7 Nb8 34.
Rxa7 gxf5 35. Ra8 Rf8 36. a4 Bd2 37. a5 Nd7 38. Rxf8 Nxf8 39. a6 Ne6 40. a7 Nc7
41. Nf4 Bc3 42. Ne6 Na8 43. Bd1 Kg6 44. Ba4 Kf7 45. Bxc6 Kxe6 46. Bxa8 1-0

[Event "XXXIV Festival A"]
[Site "Arco ITA"]
[Date "2012.10.14"]
[Round "2"]
[White "Cautiero, Pietro"]
[Black "Schaberg, Wolfgang"]
[WhiteElo "1714"]
[BlackElo "1856"]
[Result "1/2-1/2"]
[PlyCount "41"]
[EventDate "2012.10.13"]

1. d4 Nf6 2. Nc3 g6 3. e4 d6 4. f4 Bg7 5. Nf3 O-O 6. Bc4 c6 7. e5 dxe5 8. fxe5
Nd5 9. O-O Bf5 10. a3 Qd7 11. Qe2 Nxc3 12. bxc3 Be6 13. Bd3 c5 14. Be3 Nc6 15.
Rad1 Bg4 16. Bc4 Qc7 17. h3 cxd4 18. cxd4 Bxf3 19. Rxf3 e6 20. Bd3 Rad8 21. c3
1/2-1/2

[Event "XXXIV Festival A"]
[Site "Arco ITA"]
[Date "2012.10.14"]
[Round "2"]
[White "De Eccher, Stefano"]
[Black "Casagrande, Fabio"]
[WhiteElo "2230"]
[BlackElo "1981"]
[Result "1-0"]
[PlyCount "59"]
[EventDate "2012.10.13"]

1. c4 e5 2. Nc3 Nc6 3. g3 Bb4 4. Nd5 Nf6 5. Bg2 d6 6. Nxf6+ Qxf6 7. Bxc6+ bxc6
8. Qa4 Bc5 9. Qxc6+ Ke7 10. Qf3 Qxf3 11. Nxf3 Bb7 12. d3 e4 13. dxe4 Bxe4 14.
O-O Rhe8 15. Nd2 Bf5 16. Nb3 Bb6 17. Bd2 Kf8 18. Rfe1 a5 19. c5 dxc5 20. Rac1
Bg4 21. Be3 c4 22. Rxc4 Be6 23. Rc3 a4 24. Bc5+ Kg8 25. Nd4 Bxa2 26. Bxb6 cxb6
27. Ra1 Bd5 28. Nb5 Rac8 29. Nc7 Red8 30. Nxd5 1-0

[Event "XXXIV Festival A"]
[Site "Arco ITA"]
[Date "2012.10.14"]
[Round "2"]
[White "De Nisi, Roberta"]
[Black "Zucchelli, Massimo"]
[WhiteElo "1926"]
[BlackElo "2176"]
[Result "1/2-1/2"]
[PlyCount "36"]
[EventDate "2012.10.13"]

1. d4 Nf6 2. c4 e6 3. Nc3 Bb4 4. a3 Bxc3+ 5. bxc3 b6 6. Bg5 h6 7. Bxf6 Qxf6 8.
e4 d6 9. Qf3 Qxf3 10. Nxf3 Bb7 11. Bd3 Nd7 12. O-O O-O 13. Nd2 c5 14. d5 e5 15.
a4 g6 16. a5 Ba6 17. Ra3 Rfb8 18. Rfa1 Bb7 1/2-1/2

[Event "XXXIV Festival A"]
[Site "Arco ITA"]
[Date "2012.10.14"]
[Round "2"]
[White "De Santis, Alessio"]
[Black "Goli, Daniele"]
[WhiteElo "2294"]
[BlackElo "1986"]
[Result "1/2-1/2"]
[PlyCount "232"]
[EventDate "2012.10.13"]

1. d4 g6 2. c4 Bg7 3. e4 d6 4. Nc3 Nf6 5. f3 c6 6. Nge2 Qc7 7. Bg5 Nbd7 8. Qd2
h5 9. h3 a6 10. a4 Nf8 11. a5 Ne6 12. Be3 c5 13. d5 Nf8 14. Na4 N8d7 15. Rb1 b5
16. axb6 Nxb6 17. Nxb6 Qxb6 18. b4 Nd7 19. Nc3 cxb4 20. Bxb6 Bxc3 21. Bd4 Bxd2+
22. Kxd2 O-O 23. Rxb4 f6 24. Be2 g5 25. h4 g4 26. fxg4 Nc5 27. Bxc5 dxc5 28.
Rb6 Bxg4 29. Bxg4 hxg4 30. Ra1 Rfb8 31. Rxb8+ Rxb8 32. Rxa6 Rb2+ 33. Ke3 Rxg2
34. Kf4 g3 35. Ra3 Kf7 36. Rxg3 Rc2 37. h5 Rxc4 38. h6 Rc1 39. Rh3 Rf1+ 40. Ke3
Rb1 41. Rh2 Rb8 42. Kd3 Rc8 43. Kc4 Kg6 44. h7 Kg7 45. Rh5 Kh8 46. Rh1 Rc7 47.
Rh6 Rc8 48. Rh3 Rc7 49. Rh2 Rc8 50. Ra2 Rc7 51. Ra6 Kxh7 52. Rc6 Ra7 53. Kxc5
Kg7 54. Kd4 Kf7 55. Ke3 Rb7 56. Kf4 Ra7 57. Rc1 Rd7 58. Kf5 Ra7 59. Rh1 Ra6 60.
Rh7+ Ke8 61. Kg6 Ra4 62. Rh4 Rd4 63. Kf5 Kd7 64. Rh1 Rb4 65. Ra1 Rb6 66. Ra7+
Ke8 67. Rc7 Rd6 68. Kg6 Kd8 69. Ra7 Ke8 70. Ra8+ Rd8 71. Ra6 Rd7 72. Ra8+ Rd8
73. Ra7 Rd7 74. Ra6 Rd8 75. Re6 Rd7 76. Rc6 Rd8 77. Rb6 Rd7 78. Rb2 Rd8 79. Rh2
Rc8 80. Rh8+ Kd7 81. Rh1 Ke8 82. Rh3 Rc4 83. Kf5 Kd7 84. Ra3 Rb4 85. Ra6 Rd4
86. Rb6 Rd3 87. Rb7+ Kd6 88. Kg6 Rd4 89. Rb6+ Kd7 90. Re6 Ke8 91. Kf5 Kf7 92.
Ra6 Rd2 93. Ra7 Rd4 94. Kf4 Rd3 95. Rb7 Rd4 96. Ke3 Rd1 97. Ra7 f5 98. exf5
Rxd5 99. Ke4 Rd6 100. Ke5 Rb6 101. Ra1 Rb5+ 102. Kf4 Rb6 103. Rh1 Rf6 104. Kg5
Kg7 105. Ra1 Rd6 106. Re1 Kf7 107. Rh1 Kg7 108. Rh3 Rf6 109. Re3 Kf7 110. Rc3
Rd6 111. Rc8 Rf6 112. Rh8 Kg7 113. Rh4 Rd6 114. Rg4 Rf6 115. Kf4+ Kf7 116. Ke5
Rb6 1/2-1/2

[Event "XXXIV Festival A"]
[Site "Arco ITA"]
[Date "2012.10.14"]
[Round "2"]
[White "De Simone Sorrentino, Fabio"]
[Black "Borries, Barbara"]
[WhiteElo "1703"]
[BlackElo "1850"]
[Result "1/2-1/2"]
[PlyCount "66"]
[EventDate "2012.10.13"]

1. e4 e5 2. Bc4 d6 3. d3 Nf6 4. Nf3 Be7 5. h3 O-O 6. O-O Be6 7. Na3 h6 8. Nh2
c6 9. f4 exf4 10. Rxf4 d5 11. exd5 Nxd5 12. Rf1 Qb6+ 13. Kh1 Ne3 14. Bxe3 Qxe3
15. Re1 Qd4 16. c3 Qd6 17. Bxe6 fxe6 18. Nc4 Qd7 19. Qe2 Bh4 20. Qxe6+ Qxe6 21.
Rxe6 Nd7 22. Nf3 Bg3 23. Rg6 Bc7 24. Re1 Rfe8 25. Rge6 Rxe6 26. Rxe6 Kf7 27.
Re2 Rd8 28. d4 Kf6 29. Nce5 Nxe5 30. Nxe5 Bxe5 31. Rxe5 Rd5 32. Rxd5 cxd5 33.
g4 Kg5 1/2-1/2

[Event "XXXIV Festival A"]
[Site "Arco ITA"]
[Date "2012.10.14"]
[Round "2"]
[White "Duruz, Noe"]
[Black "Kierzek, Matthias"]
[WhiteElo "1930"]
[BlackElo "2191"]
[Result "1/2-1/2"]
[PlyCount "110"]
[EventDate "2012.10.13"]

1. e4 c6 2. d4 d5 3. e5 Bf5 4. Nc3 e6 5. g4 Bg6 6. Nge2 c5 7. h4 h5 8. Nf4 Bh7
9. Nxh5 cxd4 10. Qxd4 Bxc2 11. Bg5 Qd7 12. Rc1 Nc6 13. Qd2 Bg6 14. Nf4 Nxe5 15.
Bb5 Nf3+ 16. Ke2 Nxd2 17. Kxd2 Bb4 18. Bxd7+ Kxd7 19. a3 Bxc3+ 20. Rxc3 Nf6 21.
Bxf6 gxf6 22. h5 Bh7 23. Rhc1 Rac8 24. Rxc8 Rxc8 25. Rxc8 Kxc8 26. h6 Kd7 27.
Nh5 Ke7 28. f4 e5 29. g5 fxg5 30. fxg5 Ke6 31. Nf6 Bg6 32. h7 Bxh7 33. Nxh7 Kf5
34. Nf6 d4 35. Kd3 Kxg5 36. Ne4+ Kf5 37. Nd6+ Ke6 38. Nxb7 Kd5 39. b4 f5 40.
Nc5 a5 41. Nb3 e4+ 42. Ke2 axb4 43. axb4 Kc4 44. b5 Kxb3 45. Kd1 e3 46. b6 d3
47. b7 e2+ 48. Kd2 e1=Q+ 49. Kxe1 Kc2 50. b8=Q d2+ 51. Kf2 d1=Q 52. Qc7+ Kb1
53. Qb6+ Kc1 54. Qc5+ Qc2+ 55. Qxc2+ Kxc2 1/2-1/2

[Event "XXXIV Festival A"]
[Site "Arco ITA"]
[Date "2012.10.14"]
[Round "2"]
[White "Galas, Franco"]
[Black "Perich, Stefano"]
[WhiteElo "1735"]
[BlackElo "1871"]
[Result "1/2-1/2"]
[PlyCount "39"]
[EventDate "2012.10.13"]

1. d4 d5 2. Nf3 Nf6 3. e3 Bg4 4. Be2 e6 5. h3 Bxf3 6. Bxf3 Bd6 7. c3 O-O 8. O-O
Ne4 9. Nd2 f5 10. c4 c6 11. c5 Bc7 12. Bxe4 fxe4 13. f4 Kh8 14. Rf2 Nd7 15. Nf1
Nf6 16. Nh2 Qe8 17. Bd2 Qg6 18. Ng4 h5 19. Nxf6 Rxf6 20. g4 1/2-1/2

[Event "XXXIV Festival A"]
[Site "Arco ITA"]
[Date "2012.10.14"]
[Round "2"]
[White "Herold, Hansjoerg"]
[Black "Drasko, Milan"]
[WhiteElo "2043"]
[BlackElo "2471"]
[Result "0-1"]
[PlyCount "66"]
[EventDate "2012.10.13"]

1. e4 e6 2. d4 d5 3. exd5 exd5 4. Nf3 Bf5 5. Be2 Bd6 6. Bg5 Ne7 7. Nc3 c6 8.
Qd2 Qc7 9. O-O O-O 10. Rfe1 Ng6 11. Kh1 Nd7 12. g3 f6 13. Be3 Nb6 14. b3 Rae8
15. Bf1 Qd7 16. Ne2 Be4 17. Bg2 Qf5 18. Neg1 Bxc2 19. Qa5 Qd7 20. Qxa7 Nc8 21.
Qa5 Be4 22. Qd2 Nce7 23. Qd1 Nf5 24. Bd2 Qc7 25. Ne2 Re7 26. Rc1 Ba3 27. Rc3
Rfe8 28. Neg1 Bb2 29. Rc5 Nxd4 30. Be3 Ne6 31. Qd2 Bxf3 32. Nxf3 Nxc5 33. Qxb2
Nd3 0-1